Statistics for Fullmetal Alchemist Anime (2009) and Manga Quiz

Click here to take the quiz!

General Stats

  • This quiz has been taken 1,507 times
    (1,497 since last reset)
  • The average score is 18 of 40

Answer Stats

HintAnswer% Correct
Who is the Fullmetal Alchemist?Edward Elric
96%
Who is the first Homunculus that Father created?Pride
84%
Führer King Bradley is which of the seven Homunculi?Wrath
84%
What does Edward trade to get Alphones's soul back from The Truth?His Right Arm
83%
Which of the Homunculi be-littles humans, but committed suicide when they realized that he couldn't be more like them?Envy
79%
In Alchemy, what is the ultimate taboo?Human Transmutation
75%
Who lost his entire body when him and his brother Edward attempted to bring back their deceased mother through human transmutation?Alphonse Elric
75%
Who is Edward's automail mechanic?Winry Rockbell
73%
Who uses special gloves to perform the rare flame alchemy?Colonel Roy Mustang
70%
Which of the Homunculi was Father's failed attempt to create his own "Void of Truth"?Gluttony
67%
Who is known as the "The Ultimate Spear"?Lust
67%
What is the keeper of "The Gate" known as?The Truth
67%
What is the one absolute law of Alchemy?The Law of Equivalent Exchange
65%
Who killed Winry Rockbell's parents in Ishval?Scar
64%
Who is the most rebellious of the Homunculi?Greed
61%
Who is the "Strong Arm Alchemist"?Major Alex Louis Armstrong
60%
Who was the first Homunculus?The Dwarf in the Flask (Father)
60%
What is the primary ingredient needed to make a philosopher's stone?Human souls
57%
Opening "The Gate of Truth" through Human Transmutation enables an alchemist to then perform transmutation without first drawing what?A Matrix
54%
Who lost some of her internal organs when attempting to bring back her deceased baby through human transmutation?Izumi Curtis
47%
Who was Roy Mustang attempting to avenge when he tried to kill Envy by incinerating him repeatedly?Maes Hughes
41%
What does Edward trade in order to get Alphonse's body back from "The Truth"?His Own Gate
41%
Who is the Xingese prince who comes to Amestris to search for a philosopher's stone?Ling Yao
40%
Von Hohenheim's Philosopher's Stone is comprised of 536,329 human souls from what ancient country?Xerxes
40%
What is the human name that Pride goes by?Selim Bradley
33%
Which character was nicknamed "The Northern Wall of Briggs"?General Olivia Mira Armstrong
31%
Who created the series Fullmetal Alchemist?Hiromu Arakawa
30%
What is the name of the killer whose soul was seperated from his body, and then bound to a suit of armor?Barry the Chopper
25%
In Xerxes' art, what object is the lion swallowing, symbolizing that one has power greater than god?The Sun
24%
Who is Mustang's love interest, and also happens to be the sharp shooter on his team?Lieutenant Riza Hawkeye
24%
Who is the quarter Ishvalan officer that works under General Armstrong at Fort Briggs?Major Miles
18%
What name or title was Van Hohenheim originally known by?Slave Number Twenty Three
17%
Who is the scientist that created a philosopher's stone during the Ishvalan war, but later travels with the Ishvalan named Scar?Dr. Tim Marcoh
13%
What is Kimblee's State Alchemist name?The Crimson Alchemist
12%
What animal does Hiromu Arakawa personify herself as in the Fullmetal Alchemist manga?A Cow
11%
What is the Xingese version of Alchemy?Alkahestry
9%
What is the symbol of the Homunculi called?Ouroboros
9%
What is the name of the panda that people mistake as a "strange black and white cat"?Xiao-Mei
7%
Who is the occassional cross-dressing general that becomes Fürher after King Bradley is killed?General Grumman
5%
What does Edward carve into the inside of his pocket watch?Don't Forget 3.Oct.11
3%

Score Distribution

Percentile by Number Answered

Percent of People with Each Score

Your Score History

You have not taken this quiz since the last reset